How to grow handsome : or, hints toward physical perfection, and the philosophy of human beauty :
Saved in:
| Main Author: | |
|---|---|
| Format: | Book |
| Language: | English |
| Published: |
New York :
Fowler & Wells,
1890.
|
| Edition: | New ed. |
| Subjects: | |
| Tags: |
Add Tag
No Tags, Be the first to tag this record!
|
| LEADER | 01114nam a2200253Ii 4500 | ||
|---|---|---|---|
| 001 | 005437641-6 | ||
| 005 | 20020606163548.3 | ||
| 008 | 771130s1890 nyua 001 0 eng d | ||
| 035 | 0 | |a ocm03455190 | |
| 040 | |a EEM |c EEM |d HLS | ||
| 050 | 4 | |a RA776 |b .J2 1890 | |
| 090 | |a RA776 |b .J2 1890 | ||
| 100 | 1 | |a Jacques, D. H. |q (Daniel Harrison), |d 1825-1877. | |
| 245 | 1 | 0 | |a How to grow handsome : |b or, hints toward physical perfection, and the philosophy of human beauty : |c showing how to acquire and retain bodily symmetry, health, and vigor, secure long life, and avoid the infirmities and deformities of age / by D. H. Jacques. |
| 250 | |a New ed. | ||
| 260 | |a New York : |b Fowler & Wells, |c 1890. | ||
| 300 | |a 244 p. : |b ill. ; |c 20 cm. | ||
| 500 | |a Earlier editions have title Hints toward physical perfection, and Philosophy of human beauty. | ||
| 500 | |a Includes index. | ||
| 650 | 0 | |a Beauty, Personal. | |
| 650 | 0 | |a Hygiene. | |
| 776 | 0 | 8 | |i Online version: |a Jacques, D. H. (Daniel Harrison), 1825-1877. |t How to grow handsome. |b New ed. |d New York : Fowler & Wells, 1890 |w (OCoLC)894150799 |
| 988 | |a 20020608 | ||
| 906 | |0 OCLC | ||


